| 000 | 02077cam a22004934i 4500 | ||
|---|---|---|---|
| 003 | PE-LiUPU | ||
| 005 | 20250731173254.0 | ||
| 008 | 150616s1985 xxy r 000 0 spa d | ||
| 020 | _a8433006568 | ||
| 020 | _a9788433006561 | ||
| 035 | _a(Sirsi) i9788433006561 | ||
| 040 |
_aPE-LiUPU _bspa _cPE-LiUPU _erda |
||
| 049 | _aPRUA | ||
| 082 | 0 | 4 |
_a261 _bM26 _221 |
| 100 | 1 |
_aMardones, José M., _eautor. |
|
| 245 | 1 | 0 |
_aSociedad moderna y cristianismo : _bCorrientes socio-culturales y fe mesiánica / _cJosé M. Mardones. |
| 264 | 1 |
_aBilbao : _bDesclée de Brouwer, _c1985. |
|
| 300 |
_a202 páginas : _b21 centímetros |
||
| 336 |
_atext _2rdacontent |
||
| 337 |
_aunmediated _2rdamedia |
||
| 338 |
_avolume _2rdacarrier |
||
| 490 | 0 | _aCristianismo y Sociedad | |
| 504 | _aBibliografía: páginas 195-197. | ||
| 505 | 0 | _aReligión y sociedad -- La religión en la sociedad moderna -- Positivismo y fe cristiana -- Neo-conservadurismo y política cristiana -- El neo-romanticismo y el politeísmo post-cristiano -- La tradición socialista y la crisis del mesianismo -- Nacionalismo y religión -- La crisis económica y el paro -- El marco socio-político internacional: guerra fría, miedo a la aniquilación y pacifismo -- El horizonte eclesial: el énfasis en la reagrupación confesional -- El futuro de la religión. | |
| 526 | _aSEG42 | ||
| 526 | _aSEG41 | ||
| 526 | _aSEG40 | ||
| 526 | _aSEG39 | ||
| 526 | _aP94 | ||
| 526 | _aP87 | ||
| 526 | _aP86 | ||
| 526 | _aP85 | ||
| 526 | _aP77 | ||
| 526 | _aP76 | ||
| 526 | _aP35 | ||
| 650 | 0 | 4 | _aTEOLOGIA SOCIAL. |
| 910 |
_ajck _bjvq _cjck |
||
| 942 |
_2ddc _cBOOK |
||
| 949 |
_a261 M26 _wDEWEY _c1 _i25295 _lCCODEBUL1 _mBUL _r0 _sY _tBOOK _u2015-6-16 _xTEOLOGIA _zUNKNOWN _0COMPRA _o.STAFF. Colección Teología |
||
| 994 |
_aC0 _bPEPRU |
||
| 596 | _a1 | ||
| 999 |
_a261 M26 _wDEWEY _c43637 _i25295 _f2021-11-12 _g6 _lCCODEBUL1 _mBUL _p12.00 _r0 _sY _tBOOK _u2015-6-16 _xTEOLOGIA _zUNKNOWN _0COMPRA _o.STAFF. Colección Teología _d43637 |
||
| 980 |
_81 _gALBERTO SANCHEZ Responsable de Automatización |
||